000 00383 a2200157 4500
001 190827
020 _a978-85-910393-4-0
040 _cMagnum
100 _aVeríssimo, J.m.
240 1 0 _aTuiú e biá em: a poluição dos rios
_lpor
245 1 0 _aTuiú e biá em: a poluição dos rios
300 _a32
362 0 _a2010
697 _aLITERATURA INFANTO-JUVENIL
942 _cBK
999 _c190827
_d190827